000
00350nam a2200157Ia 4500
005
20240829024220.0
008
240331s9999 xx 000 0 und d
082
_b
HSU
_a
800
100
_a
Hsun, L
245
0
_a
Wild Grass
260
_a
Peking
_b
Foreign ;language Press
_c
1974
300
_a
68 p .,
650
_a
Poems
650
_a
Love
942
_c
L
999
_c
3105
_d
3105